Nedostatok peňazí sa môže skončiť nedostatkom vzdelaných ľudí Problémy vzdelávania ekonomických odborníkov na Ekonomickej univerzite v Bratislave
Názory dvoch učiteľov Fakulty podnikového manažmentu Ekonomickej univerzity v Bratislave na dôsledky súčasného nedostatočného finančného zabezpečenia vysokých škôl, aj EU v Bratislave, na odchod mladých učiteľov z pedagogického procesu (systém platov v školstve), systém udeľovania pedagogických hodn...
Gespeichert in:
| 1. Verfasser: | |
|---|---|
| Weitere Verfasser: | |
| Format: | Buchkapitel |
| Sprache: | Slowakisch |
| Schlagworte: | |
| Tags: |
Keine Tags, Fügen Sie das erste Tag hinzu!
|
MARC
| LEADER | 00000naa a2200000 4500 | ||
|---|---|---|---|
| 001 | r015477 | ||
| 005 | 20240502071326.7 | ||
| 041 | 0 | |a slo | |
| 044 | |a SK | ||
| 245 | 1 | 0 | |a Nedostatok peňazí sa môže skončiť nedostatkom vzdelaných ľudí |b Problémy vzdelávania ekonomických odborníkov na Ekonomickej univerzite v Bratislave |c Ľubica Füzyová, Štefan Slávik |
| 520 | |a Názory dvoch učiteľov Fakulty podnikového manažmentu Ekonomickej univerzity v Bratislave na dôsledky súčasného nedostatočného finančného zabezpečenia vysokých škôl, aj EU v Bratislave, na odchod mladých učiteľov z pedagogického procesu (systém platov v školstve), systém udeľovania pedagogických hodností, na vedeckú a pedagogickú prácu, zabezpečenie pedagogického procesu literatúrou. Možnosti riešenia problémov len zo strany vysokých škôl sú nedostatočné na pokrytie potrieb pedagogického procesu. | ||
| 610 | 2 | 0 | |a ekonómovia |
| 610 | 2 | 0 | |a vzdelávanie |
| 610 | 2 | 0 | |a školy vysoké |
| 610 | 2 | 0 | |a Slovensko |
| 610 | 2 | 0 | |a Ekonomická univerzita v Bratislave |
| 610 | 2 | 0 | |a financie |
| 610 | 2 | 0 | |a financovanie |
| 100 | 1 | |a Füzyová, Ľubica | |
| 700 | 1 | |a Slávik, Štefan, 1955- | |